| 000 | 00867nam a22002297a 4500 | ||
|---|---|---|---|
| 999 |
_c5136 _d5136 |
||
| 003 | AR-CdUCM | ||
| 008 | 190312b ||||| |||| 00| 0 spa d | ||
| 040 |
_aMUNICIPALIDAD PROVINCIAL DEL CUSCO _cBIBLIOTECA MUNICIPAL DEL CUSCO |
||
| 082 |
_a378.42 / _bM84 |
||
| 100 |
_aMontoya, Rodrigo _98139 |
||
| 245 |
_aPor una Educación en el Perú : _bReflexiones sobre Cultura y Socialismo / |
||
| 260 |
_aLima : _bCepes Mosca Azul Editores _c1990. |
||
| 300 |
_a243 paginas ; _bDiagramas, graficos, tablas, _c20cm. |
||
| 500 | _aEducación. | ||
| 505 | _aContenido: El problema -- Proyectos de Educación Bilingue en el Perú -- La Escuela y el mito civilizatorio de occidente .. El tratamiento de la cultura... | ||
| 650 |
_aEducación _9460 |
||
| 650 |
_aPerú _935 |
||
| 650 |
_aCultura _9126 |
||
| 650 |
_aSocialismo _91037 |
||
| 942 |
_2ddc _cLIBROS |
||
| 945 | _apjha | ||